| 000 | 01406cam a2200421 i 4500 | ||
|---|---|---|---|
| 001 | 17643441 | ||
| 005 | 20230808111058.0 | ||
| 008 | 130301s2012 enka b 001 0 eng d | ||
| 010 | _a 2012540535 | ||
| 015 |
_aGBB1D1879 _2bnb |
||
| 016 | 7 |
_a015969818 _2Uk |
|
| 020 | _a1444144170 (pbk.) | ||
| 020 | _a9781444144178 (pbk.) | ||
| 020 |
_z9781134641550 _qebook |
||
| 035 | _a(OCoLC)ocn761380971 | ||
| 040 |
_aUKMGB _beng _erda _cUKMGB _dYDXCP _dOCLCO _dYNK _dCNAUC _dDLC |
||
| 042 | _alccopycat | ||
| 050 | 0 | 0 |
_aGV558 _b.S49 2012 |
| 082 | 0 | 4 |
_a796.01 _223 |
| 100 | 1 | _aSewell, Dean. | |
| 245 | 1 | 0 |
_aSport and exercise science : _ban introduction / _cDean Sewell, Philip Watkins and Murray Griffin. |
| 250 | _a2nd ed. | ||
| 264 | 1 |
_aLondon : _bHodder Education, _c2012. |
|
| 300 |
_aviii, 376 pages : _billustrations, mostly color ; _c28 cm |
||
| 336 |
_atext _btxt _2rdacontent |
||
| 337 |
_aunmediated _bn _2rdamedia |
||
| 338 |
_avolume _bnc _2rdacarrier |
||
| 500 | _aPrevious ed.: London: Hodder Arnold, 2005. | ||
| 504 | _aIncludes bibliographical references and index. | ||
| 650 | 0 | _aSports sciences. | |
| 650 | 0 |
_aSports _xPhysiological aspects. |
|
| 650 | 0 |
_aExercise _xPhysiological aspects. |
|
| 650 | 0 |
_aSports _xPsychological aspects. |
|
| 650 | 0 |
_aExercise _xPsychological aspects. |
|
| 700 | 1 |
_aWatkins, Philip _q(Philip Huw) |
|
| 700 | 1 | _aGriffin, Murray. | |
| 942 |
_2ddc _cMAIN |
||
| 999 |
_c9672 _d9673 |
||